000 00605nmm a2200193Ia 4500
008 251105s9999||||xx |||||||||||||||||und||
020 _a8489694001
041 _aspa
100 _aRodríguez Bugarín, Miguel
245 0 _aEl ferrocarril en el noroeste de España
264 _a[Madrid, España] :
_bUniversidade da Coruña,
_c1996
300 _a403 páginas
490 _aCursos, congresos e simposios
650 _aHistory of Europe: Spain
700 _aRodríguez Bugarín, Miguel
700 1 _a Nárdiz Ortiz, Carlos
856 _uhttps://public.digitaliapublishing.com/a/1107
942 _cCF
999 _c70630
_d70630